McGraw-Hill dictionary of astronomy. (Record no. 9079)

MARC details
000 -LEADER
fixed length control field 01123nam a2200337 i 4500
003 - CONTROL NUMBER IDENTIFIER
control field EG-ScBUE
005 - DATE AND TIME OF LATEST TRANSACTION
control field 20250114101033.0
008 - FIXED-LENGTH DATA ELEMENTS--GENERAL INFORMATION
fixed length control field 150818t2003 nyu f r 000 0 eng d
020 ## - INTERNATIONAL STANDARD BOOK NUMBER
International Standard Book Number 0071410473 (acid-free paper)
020 ## - INTERNATIONAL STANDARD BOOK NUMBER
International Standard Book Number 9780071410472
040 ## - CATALOGING SOURCE
Original cataloging agency EG-ScBUE
Language of cataloging eng
Description conventions rda
Transcribing agency EG-ScBUE
Modifying agency EG-ScBUE
082 04 - DEWEY DECIMAL CLASSIFICATION NUMBER
Classification number 520.3
Item number MCG
Edition number 22
245 00 - TITLE STATEMENT
Title McGraw-Hill dictionary of astronomy.
246 30 - VARYING FORM OF TITLE
Title proper/short title Dictionary of astronomy
250 ## - EDITION STATEMENT
Edition statement Second edition.
264 #1 - PUBLICATION, DISTRIBUTION, ETC. (IMPRINT)
Place of publication, distribution, etc New York :
Name of publisher, distributor, etc McGraw-Hill,
Date of publication, distribution, etc [2003]
264 #4 - PUBLICATION, DISTRIBUTION, ETC. (IMPRINT)
Date of publication, distribution, etc c2003
300 ## - PHYSICAL DESCRIPTION
Extent x, 180 pages ;
Dimensions 22 cm
336 ## - CONTENT TYPE
Source rdacontent
Content type term text
Content type code txt
337 ## - MEDIA TYPE
Media type term unmediated
Source rdamedia
Media type code n
338 ## - CARRIER TYPE
Carrier type term volume
Carrier type code nc
Source rdacarrier
500 ## - GENERAL NOTE
General note "All text in the dictionary was published previously in the McGraw-Hill dictionary of scientific and technical terms, sixth edition, c2003 ..."--T.p. verso.
590 ## - LOCAL NOTE (RLIN)
Local note doha
650 #7 - SUBJECT ADDED ENTRY--TOPICAL TERM
Topical term or geographic name as entry element Astronomy
Form subdivision Dictionaries.
Source of heading or term BUEsh
650 #7 - SUBJECT ADDED ENTRY--TOPICAL TERM
Topical term or geographic name as entry element Astrophysics
Form subdivision Dictionaries.
Source of heading or term BUEsh
650 #7 - SUBJECT ADDED ENTRY--TOPICAL TERM
Topical term or geographic name as entry element Aerospace engineering
Form subdivision Dictionaries.
Source of heading or term BUEsh
651 ## - SUBJECT ADDED ENTRY--GEOGRAPHIC NAME
Source of heading or term BUEsh
653 ## - INDEX TERM--UNCONTROLLED
Arrived date list August2015
655 ## - INDEX TERM--GENRE/FORM
Form subdivision Reading book
942 ## - ADDED ENTRY ELEMENTS (KOHA)
Koha item type NB - Book (Non borrowing)
Source of classification or shelving scheme Dewey Decimal Classification
Holdings
Withdrawn status Lost status Source of classification or shelving scheme Damaged status Not for loan Collection code Home library Current library Shelving location Date acquired Source of acquisition Total Checkouts Full call number Barcode Date last seen Koha item type Cost, normal purchase price Serial Enumeration / chronology
    Dewey Decimal Classification     Baccah Central Library Central Library First floor 08/04/2013 Purchase   520.3 MCG 000011027 15/07/2025 NB - Book (Non borrowing)    
    Dewey Decimal Classification     Alahram Central Library Central Library First floor 05/02/2009 Purchase   520.3 MCG 000014739 15/07/2025 Book - Borrowing 169.60 06397